| 000 | 00973nam a2200229Ia 4500 | ||
|---|---|---|---|
| 999 |
_c35768 _d35768 |
||
| 001 | 1649 | ||
| 003 | GE_BSU | ||
| 005 | 20210215141644.0 | ||
| 008 | 181216s2011||||ge |||||||||||||| ||geo|| | ||
| 020 | _a9789941412790 | ||
| 040 | _cGE_BSU | ||
| 041 | _ageo | ||
| 080 | _a665.71(075.8) + 665.612(075.8) ნ–68 | ||
| 100 |
_aნიჟარაძე, ე. _910120 |
||
| 245 |
_aნავთობის და გაზის ქიმია / _cე. ნიჟარაძე, მამულაიშვილი,ნ.; რედ დ. ჩხაიძე. |
||
| 264 |
_aბათუმი : _bშოთა რუსთაველი სახ. უნ–ტი, _c2011. |
||
| 300 |
_a240 გვ.; _b19 სმ. |
||
| 653 | _aნავთობისა და გაზის ქიმია. | ||
| 700 |
_aმამულაიშვილი, ნ. _eავტორი _91823 |
||
| 700 |
_aჩხაიძე, დ. _eრედაქტორი _91824 |
||
| 942 |
_cBK _2udc |
||